| 000 | 00404 a2200145 4500 | ||
|---|---|---|---|
| 005 | 20250606092446.0 | ||
| 020 | _a978-0-470-76887-7 | ||
| 082 | _a658.3 PSY | ||
| 245 | _aPsychology: Industrial and Organizational Psychology. | ||
| 250 | _a2nd Ed. | ||
| 260 |
_aCanada, _bJohn Wiley & Sons, _c2013. |
||
| 300 |
_axvii,791p.; _bIndexes _c28cm. |
||
| 700 | _aSCHMITT, N. W & WEINER, I. B. | ||
| 942 |
_2ddc _cBKS |
||
| 999 |
_c3288 _d3288 |
||